<?xml version="1.0" encoding="UTF-8"?>
<record
    xmlns:xsi="http://www.w3.org/2001/XMLSchema-instance"
    xsi:schemaLocation="http://www.loc.gov/MARC21/slim http://www.loc.gov/standards/marcxml/schema/MARC21slim.xsd"
    xmlns="http://www.loc.gov/MARC21/slim">

  <leader>00680nam a2200193Ia 4500</leader>
  <controlfield tag="001">6637</controlfield>
  <controlfield tag="008">260622s9999    xx            000 0 und d</controlfield>
  <datafield tag="020" ind1=" " ind2=" ">
    <subfield code="a">9781855165595</subfield>
  </datafield>
  <datafield tag="245" ind1=" " ind2="0">
    <subfield code="a">&#x646;&#x642;&#x62F; &#x646;&#x642;&#x62F; &#x627;&#x644;&#x639;&#x642;&#x644; &#x627;&#x644;&#x639;&#x631;&#x628;&#x64A;: &#x627;&#x634;&#x643;&#x627;&#x644;&#x64A;&#x627;&#x62A; &#x627;&#x644;&#x639;&#x642;&#x644; &#x627;&#x644;&#x639;&#x631;&#x628;&#x64A;/ </subfield>
    <subfield code="c">&#x62C;&#x648;&#x631;&#x62C; &#x637;&#x631;&#x627;&#x628;&#x64A;&#x634;&#x64A;</subfield>
  </datafield>
  <datafield tag="250" ind1=" " ind2=" ">
    <subfield code="a">&#x627;&#x644;&#x637;&#x628;&#x639;&#x629; &#x627;&#x644;&#x62B;&#x627;&#x644;&#x62B;&#x629;&#x61B; </subfield>
  </datafield>
  <datafield tag="260" ind1=" " ind2=" ">
    <subfield code="a">&#x628;&#x64A;&#x631;&#x648;&#x62A;&#x61B; </subfield>
    <subfield code="b">&#x62F;&#x627;&#x631; &#x627;&#x644;&#x633;&#x627;&#x642;&#x64A;&#x61B; </subfield>
    <subfield code="c">2007</subfield>
  </datafield>
  <datafield tag="300" ind1=" " ind2=" ">
    <subfield code="a">320p; </subfield>
    <subfield code="c">24x17cm</subfield>
  </datafield>
  <datafield tag="520" ind1=" " ind2=" ">
    <subfield code="a">Nuances of Arab Critical thought/ Georges Tarabichi</subfield>
  </datafield>
  <datafield tag="546" ind1=" " ind2=" ">
    <subfield code="a">Arabic</subfield>
  </datafield>
  <datafield tag="650" ind1=" " ind2=" ">
    <subfield code="a">PJ7501-8517 Arabic literature</subfield>
  </datafield>
  <datafield tag="655" ind1=" " ind2=" ">
    <subfield code="a">Articles &#x645;&#x642;&#x627;&#x644;&#x627;&#x62A;</subfield>
    <subfield code="9">9420</subfield>
  </datafield>
  <datafield tag="700" ind1=" " ind2=" ">
    <subfield code="a">Tarabichi, Georges &#x62C;&#x648;&#x631;&#x62C; &#x637;&#x631;&#x627;&#x628;&#x64A;&#x634;&#x64A;</subfield>
    <subfield code="9">9493</subfield>
  </datafield>
  <datafield tag="942" ind1=" " ind2=" ">
    <subfield code="c">BK</subfield>
  </datafield>
  <datafield tag="999" ind1=" " ind2=" ">
    <subfield code="c">6637</subfield>
    <subfield code="d">6637</subfield>
  </datafield>
  <datafield tag="952" ind1=" " ind2=" ">
    <subfield code="0">0</subfield>
    <subfield code="1">0</subfield>
    <subfield code="4">0</subfield>
    <subfield code="7">0</subfield>
    <subfield code="8">P</subfield>
    <subfield code="a">SAFL</subfield>
    <subfield code="b">SAFL</subfield>
    <subfield code="d">2026-06-22</subfield>
    <subfield code="l">0</subfield>
    <subfield code="o">PJ7501-8517 200.273</subfield>
    <subfield code="p">6637</subfield>
    <subfield code="r">2026-06-22</subfield>
    <subfield code="w">2026-06-22</subfield>
    <subfield code="y">BK</subfield>
  </datafield>
</record>
